Eastern Conference Finals MVP - Statistics

General Stats
  • This quiz has been taken 23 times
  • The average score is 61 of 79
Answer Stats
Year Team Answer % Correct
2024 Celtics Jaylen Brown
100%
2022 Celtics Jayson Tatum
100%
2023 Heat Jimmy Butler
100%
2006 Heat Dwayne Wade
94%
2019 Raptors Kawhi Leonard
94%
2008 Celtics Kevin Garnett
94%
1987 Celtics Larry Bird
94%
1986 Celtics Larry Bird
94%
1984 Celtics Larry Bird
94%
1981 Celtics Larry Bird
94%
2018 Cavaliers LeBron James
94%
2017 Cavaliers LeBron James
94%
2016 Cavaliers LeBron James
94%
2015 Cavaliers LeBron James
94%
2014 Heat LeBron James
94%
2013 Heat LeBron James
94%
2012 Heat LeBron James
94%
2011 Heat LeBron James
94%
2007 Cavaliers LeBron James
94%
1998 Bulls Michael Jordan
94%
1997 Bulls Michael Jordan
94%
1996 Bulls Michael Jordan
94%
1993 Bulls Michael Jordan
94%
1992 Bulls Michael Jordan
94%
1991 Bulls Michael Jordan
94%
1994 Knicks Patrick Ewing
94%
2000 Pacers Reggie Miller
94%
2001 76ers Allen Iverson
89%
2020 Heat Bam Adebayo
89%
2004 Pistons Ben Wallace
89%
2009 Magic Dwight Howard
89%
1990 Pistons Isiah Thomas
89%
1989 Pistons Isiah Thomas
89%
1988 Pistons Isiah Thomas
89%
2003 Nets Jason Kidd
89%
2002 Nets Jason Kidd
89%
1982 76ers Julius Erving
89%
1980 76ers Julius Erving
89%
1977 76ers Julius Erving
89%
1985 Celtics Kevin McHale
89%
2010 Celtics Paul Pierce
89%
1995 Magic Shaquille O'Neal
89%
1966 Celtics Bill Russell
83%
1964 Celtics Bill Russell
83%
1963 Celtics Bill Russell
83%
1962 Celtics Bill Russell
83%
1961 Celtics Bill Russell
83%
1960 Celtics Bill Russell
83%
1958 Celtics Bill Russell
83%
1983 76ers Moses Malone
83%
2025 Pacers Pascal Siakam
83%
1970 Knicks Willis Reed
83%
1967 76ers Wilt Chamberlain
83%
1959 Celtics Bob Cousy
78%
1957 Celtics Bob Cousy
78%
1974 Celtics John Havlicek
78%
1969 Celtics John Havlicek
78%
1968 Celtics John Havlicek
78%
2005 Pistons Richard Hamilton
72%
1973 Knicks Walt Frazier
72%
1972 Knicks Walt Frazier
72%
1971 Bullets Wes Unseld
72%
1965 Celtics Sam Jones
67%
1979 Bullets Elvin Hayes
61%
1978 Bullets Elvin Hayes
61%
1975 Bullets Elvin Hayes
61%
1976 Celtics Jo Jo White
61%
2021 Bucks Jrue Holiday
56%
1955 Nationals Dolph Schayes
44%
1954 Nationals Dolph Schayes
44%
1950 Nationals Dolph Schayes
44%
1948 Warriors Joe Fulks
28%
1947 Warriors Joe Fulks
28%
1952 Knicks Max Zaslofsky
22%
1956 Warriors Neil Johnston
22%
1949 Capitols Bones McKinney
11%
1953 Knicks Dick McGuire
11%
1999 Knicks Marcus Camby
11%
1951 Knicks Vince Boryla
11%
No matching quizzes found
Score Distribution
Percent of People with Each Score
Percentile by Number Answered
Your Score History
You have not taken this quiz